Návrat domů /
Mnohovrstevnatý román australské autorky o návratech domů, lžích a o tom, co všechno jsme schopni udělat pro lidi, které milujeme.
Uloženo v:
| Hlavní autor: | |
|---|---|
| Další autoři: | |
| Médium: | E-kniha |
| Jazyk: | Czech |
| Vydáno: |
Praha :
Ikar,
2023
|
| Vydání: | Vydání první |
| Témata: | |
| Tagy: |
Žádné tagy |
| LEADER | 02563nam a2200421 i 4500 | ||
|---|---|---|---|
| 001 | 312136 | ||
| 003 | CZ PrSKC | ||
| 005 | 20260601215717.0 | ||
| 007 | ta | ||
| 008 | 231019s2023 xr g 000 f cze | ||
| 015 | |a cnb003556461 | ||
| 020 | |a 9788024951768 |q (vázáno) | ||
| 035 | |a (OCoLC)1416935885 | ||
| 040 | |a ABG001 |b cze |e rda | ||
| 041 | 1 | |a cze |h eng | |
| 072 | 7 | |a 821.111-3 |x Anglická próza, anglicky psaná |2 Konspekt | |
| 080 | |a 821.111(94)-31 |2 MRF | ||
| 080 | |a (0:82-31) |2 MRF | ||
| 100 | 1 | |a Morton, Kate, |d 1976- |7 xx0092559 |4 aut | |
| 240 | 1 | 0 | |a Homecoming. |l Česky |
| 245 | 1 | 0 | |a Návrat domů / |c Kate Mortonová ; přeložila Jaroslava Novotná |
| 250 | |a Vydání první | ||
| 264 | 1 | |a Praha : |b Ikar, |c 2023 | |
| 300 | |a 509 stran ; |c 24 cm | ||
| 336 | |a text |b txt |2 rdacontent | ||
| 337 | |a bez média |b n |2 rdamedia | ||
| 338 | |a svazek |b nc |2 rdacarrier | ||
| 500 | |a Přeloženo z angličtiny | ||
| 520 | 2 | |a Mnohovrstevnatý román australské autorky o návratech domů, lžích a o tom, co všechno jsme schopni udělat pro lidi, které milujeme. |b Je Štědrý večer roku 1959. Na konci horkého dne se na pozemku jednoho velkolepého sídla najde mrtvola. Když je obyvateli přivolána policie, poklidné městečko Tambilla se stává dějištěm vyšetřování nejzáhadnější vraždy v dějinách jižní Austrálie. O mnoho let později v Londýně pátrá novinářka Jess po příběhu, který by vydal na reportáž. Potřebuje ho jako sůl - je nezaměstnaná a sotva vychází s penězi. Když ale dostane zprávu, že její milovaná babička Nora leží zraněná v nemocnici, odsune práci stranou a vrací se do Sydney. V Nořině domě objeví knihu o skutečných zločinech, jež popisuje dávno odložený případ: tragédii rodiny Turnerů z roku 1959. A jakmile se začte, zjistí, že mezi nechvalně proslulou vraždou a její rodinou je šokující spojitost... Nakladatelská anotace. | |
| 655 | 7 | |a australské romány |7 fd131842 |2 czenas | |
| 655 | 9 | |a Australian fiction |2 eczenas | |
| 700 | 1 | |a Novotná, Jaroslava |7 jn20000810193 |4 trl | |
| 900 | |a ABA001 |b 20 | ||
| 928 | 9 | |a Euromedia Group - Ikar | |
| 044 | |a xr | ||
| 910 | |a RBIT002 | ||
| 998 | |d 389017 |a https://core.palmknihy.cz/api/books/389017/cover?s2gpwg |b https://core.palmknihy.cz/api/books/389017/cover/400?s2gpwg |c https://core.palmknihy.cz/api/books/389017/cover/50?s2gpwg |e 2027-10-24 |g 512 |i 9788024951768 |j https://core.palmknihy.cz/api/books/389017/preview.epub |l |q 49 |r 1 |s https://www.palmknihy.cz/kniha/389017 |t ebook |y 2023 |z 0 | ||
| 999 | |d 312134 | ||